Priezviska a primenia v slovenskej osade Jurjevac Punitovački

Bibliographic Details
Main Authors: Kuric, Andrej, 1954- (Author), Majdiš, Vera, 1962- (Author)
Format: Book
Language:Croatian
Slovak
PhysicalDescription:147 strán faksimile, fotografie, portréty 30 cm
Published: Našice Jurjevac Punitovački Navez Slovaka Matica slovačka Jurjevac Punitovački 2022
ISBN:9789537277598
Subjects:

MARC

LEADER 00000cam a2200000 4500
001 vtls012233741
003 SK-MaSNL
005 20260302045812.0
008 230622s2022 ci hoc g n 000 0 hrv
015 |a SNBZSA2024/01 
020 |a 9789537277598  |q (viazané) 
040 |a SNK  |b slo  |c SNK  |e rda 
041 0 |a hrv  |a slo 
043 |a e-ci--- 
044 |a ci  |c HR 
072 7 |a 93/94  |x Dejiny (všeobecne)  |2 konspekt 
080 |a 711.437  |2 2011 
080 |a 93/94-027.541  |2 2011 
080 |a 314.151.3-054.72  |2 2011 
080 |a (=162.4)  |2 2011 
080 |a 81`373.232.1  |2 2011 
080 |a 81'373.23  |2 2001 
080 |a (497.5)  |2 2011 
080 |a (048.8)  |2 2011 
080 |a (0.027)=030  |2 2011 
100 1 |a Kuric, Andrej,  |d 1954-  |4 aut  |9 100471 
245 1 0 |a Priezviska a primenia v slovenskej osade Jurjevac Punitovački  |c Andrija Kuric, Vera Majdiš 
246 3 1 |a Prezimena i nadimci u slovačkom naselju Jurjevac Punitovački 
264 1 |a Našice  |b Navez Slovaka  |a Jurjevac Punitovački  |b Matica slovačka Jurjevac Punitovački  |c 2022 
300 |a 147 strán  |b faksimile, fotografie, portréty  |c 30 cm 
336 |a text  |b txt  |2 rdacontent 
336 |a statický obraz  |b sti  |2 rdacontent 
337 |a bez média  |b n  |2 rdamedia 
338 |a zväzok  |b nc  |2 rdacarrier 
366 |e 300 kusov 
500 |a Obsahuje životopisné a profesijné informácie o autoroch spolu s portrétmi 
504 |a Obsahuje bibliografiu na strane 145 
650 0 7 |a dediny  |2 SNKPH  |9 51460 
650 0 7 |a Villages  |2 SNKPHeng  |9 282443 
650 0 7 |a regionálne dejiny  |2 SNKPH  |9 63645 
650 0 7 |a Regional history  |2 SNKPHeng  |9 266493 
650 0 7 |a imigranti  |2 SNKPH  |9 994 
650 0 7 |a Immigrants  |2 SNKPHeng  |9 306071 
650 0 7 |a Slovaks in foreign  |2 SNKPHeng  |9 265147 
650 0 7 |a Slováci v zahraničí  |2 SNKPH  |9 14695 
650 0 7 |a priezviská  |2 SNKPH  |9 13343 
650 0 7 |a prezývky  |2 SNKPH  |9 30878 
650 0 7 |a Nicknames  |2 SNKPHeng  |9 482071 
651 7 |a Jurievec (Punitovci, Chorvátsko)  |2 SNKPHgeo  |9 159974 
651 7 |a Jurjevac Puntovački (Croatia)  |2 SNKPHeng  |9 703400 
655 7 |a monografie  |2 SNKPH  |9 70139 
655 7 |a Monographs  |2 SNKPHeng  |9 120675 
655 7 |a dvojjazyčné vydania  |2 SNKPH  |9 79030 
655 7 |a Bilingual editions  |2 SNKPHeng  |9 311380 
700 1 |a Majdiš, Vera,  |d 1962-  |4 aut  |9 235312 
852 |a Slovenská národná knižnica 
919 |a 978-953-7277-59-8 
954 |a odborná, vedecká literatúra cudzojazyčná (svetová)  |2 lita 
954 |a odborná, vedecká literatúra pôvodná (slovenská)  |2 lita 
958 |a ZS 
958 |a NB 
958 |a NM 
999 |c 1094821  |d 1096751 
952 |a SNK  |b SNK  |y PREZ  |7 0  |p 17A1538215  |o snkSB 99701  |i snk2023/15626  |8 2  |g 14.40  |0 0  |1 0  |4 0  |d 2023-06-22  |f 1  |l 0  |r 2025-05-22 00:00:00  |w 2026-02-24